[Event "Sachsen-ch U14 Girls"]
[Site "Sebnitz"]
[Date "2006.04.20"]
[Round "4"]
[White "Scheibel, Jennifer"]
[Black "Mueller, Sarah"]
[Result "1-0"]
[WhiteElo "1046"]
[BlackElo "792"]
[PlyCount "33"]
[EventDate "2006.04.18"]
[EventType "swiss"]
[EventRounds "7"]
[EventCountry "GER"]
[SourceTitle "EXT 2007"]
[Source "ChessBase"]
[SourceDate "2006.11.23"]
[SourceVersion "1"]
[SourceVersionDate "2006.11.23"]
[SourceQuality "1"]

1. e4 e5 2. Nf3 Nc6 3. Bc4 Nf6 4. Nc3 Bc5 5. d3 0-0 6. Bg5 d6 7. Nd5 Kh8 8. Qd2 h6 9. Bxf6 gxf6 10. Qxh6+ Kg8 11. Nxf6+ Qxf6 12. Qxf6 Nb4 13. 0-0 Nxc2 14. Ng5 Be6 15. Bxe6 fxe6 16. Qg6+ Kh8 17. Qh7# 1-0